Loading...
| History - European | 0 | 6 | 0 | 1 | 60 | 51 | 87.17 | 0 | 6 | 0.00 | 0.00 |
| History - American | 0 | 3 | 0 | 1 | 30 | 51 | 95.67 | 1 | 2 | 0.00 | 0.00 |
| Science - Physics | 0 | 3 | 1 | 0 | 25 | 67 | 98.00 | 1 | 2 | 0.00 | 0.00 |
| Fine Arts - Classical Music | 0 | 3 | 1 | 1 | 25 | 96 | 109.33 | 0 | 2 | 0.00 | 0.00 |
| Science - Other | 0 | 4 | 3 | 1 | 25 | 47 | 75.75 | 3 | 4 | 0.00 | 0.00 |
| Mythology | 0 | 3 | 2 | 0 | 20 | 79 | 91.33 | 2 | 3 | 0.00 | 0.00 |
| Philosophy | 0 | 2 | 1 | 0 | 15 | 98 | 102.00 | 0 | 1 | 0.00 | 0.00 |
| Literature - World | 0 | 1 | 0 | 0 | 10 | 109 | 109.00 | 0 | 1 | 0.00 | 0.00 |
| Geography | 0 | 1 | 0 | 0 | 10 | 49 | 49.00 | 1 | 1 | 0.00 | 0.00 |
| History - Other | 0 | 1 | 0 | 0 | 10 | 71 | 71.00 | 0 | 1 | 0.00 | 0.00 |
| Other Academic | 0 | 1 | 0 | 0 | 10 | 60 | 60.00 | 0 | 1 | 0.00 | 0.00 |
| Religion | 0 | 1 | 1 | 1 | 5 | 132 | 132.00 | 0 | 1 | 0.00 | 0.00 |
| History - World | 0 | 1 | 2 | 0 | 0 | 115 | 115.00 | 1 | 1 | 0.00 | 0.00 |
| Science - Biology | 0 | 0 | 0 | 0 | 0 | 0.00 | 0 | 0 | 0.00 | 0.00 | |
| Fine Arts - Painting and Sculpture | 0 | 0 | 0 | 0 | 0 | 0.00 | 0 | 0 | 0.00 | 0.00 | |
| Fine Arts - Other | 0 | 0 | 0 | 0 | 0 | 0.00 | 0 | 0 | 0.00 | 0.00 | |
| Social Science | 0 | 0 | 2 | 0 | -10 | 0.00 | 0 | 0 | 0.00 | 0.00 |